All-NBA 2010's Teams - Statistics

General Stats
  • This quiz has been taken 83 times
  • The average score is 11 of 15
Answer Stats
Position, Team Answer % Correct
PF/SF, 1st LeBron James
100%
SF, 1st Kevin Durant
94%
PG, 1st Stephen Curry
94%
SG, 1st James Harden
91%
PG, 2nd Russell Westbrook
87%
SF, 2nd Kawhi Leonard
80%
PG, 3rd Chris Paul
77%
C, 2nd Dwight Howard
71%
C/PF, 1st Anthony Davis
69%
SG, 2nd Paul George
60%
C, 3rd DeMarcus Cousins
57%
SF, 3rd Carmelo Anthony
56%
SG/PG, 3rd Damian Lillard
53%
PF/SF, 2nd Giannis Antetokounmpo
37%
PF/C, 3rd LaMarcus Aldridge
34%
No matching quizzes found
Score Distribution
Percent of People with Each Score
Percentile by Number Answered
Your Score History
You have not taken this quiz